LEADER 01356nam a2200265 a 4500 001 000000164627 003 CaOOAMICUS 005 20171128111522.0 008 171128s1998 sp 001 0 por r 032 $aLibriCat 040 $aPUL$bita 100 1 $aKuchenbecker, Valter.$0(OLS)http://pul/name/105871 245 10$aAproveitamento e significado da disciplina de cultura religiosa em três universidades privadas do Rio Grande do sul na percepção dos alunos /$cValter Kuchenbecker. 260 $aSalamanca :$b[s.n.],$c1998. 300 $a87 p. ;$c24 cm. 502 $aEstratto da tesi. Universidad Pontificia de Salamanca. Facultad de Ciencias de la educacion. 1998. 504 $aBibliografia in nota. 650 4$aUniversità.$0(OLS)http://pul/subject/1872 710 2 $aUniversidad pontificia de Salamanca.$bFacultad de Ciencias de la Educacion$kTesi.$0(OLS)http://pul/name/84884 850 $aPUL 852 $aPUL$W1$xDP1 Tesi Univ. Salamanca$y45$mTH UPSA 379$j188775$qTesi$B191930$CPULBib$Z2$F191930 $H78829 $82 941 1 $a16 996 $6245$aAproveitamento e significado da disciplina de cultura religiosa em três universidades privadas do Rio Grande do sul na percepção dos alunos$9(OLS)http://pul/title/204310 996 $6260$aSalamanca :$b[s.n.]$9(OLS)http://pul/publisher/53020 LEADER 01342nam a2200265 a 4500 001 000000162548 003 CaOOAMICUS 005 20170911115029.0 008 170911s2017 it m u001 u ita r 032 $aLibriCat 040 $aPUL$bita 100 1 $aDe Paola, Dario.$0(OLS)http://pul/name/104292 245 11$a"Come ad un aborto apparve a me " (1Cor 15,8) :$bspunti antropologici ed etici dal "vangelo del risorto" nella sezione 1Cor 15,1-11 /$cDario De Paola. 260 $aNapoli :$b[s.n.],$c2017. 300 $a77 p.;$c24 cm 500 $aIn testa al front : Pontificia Facoltà Teologica dell'Italia Meridionale. Sezione San Tommaso D'Aquino. 502 $aEstratto da Tesi di Dottorato-- Fac. Teologica dell'Italia Meridionale. Sez. S.Tommaso D'Aquino--Napoli, 2017. 504 $aBibliografia : p. [59]-77. 630 04$aBiblia.$pN.T.$pAd Corinthios$xCritica e interpretazione.$0(OLS)http://pul/subject/25980 850 $aPUL 852 $aPUL$W1$xDP1 Tesi Fac. It.Meridionale$y35$m2017 B 4$j186327$qTesi$B189763$CPULBib$Z2$F189763 $82 941 1 $a16 996 $6245$a"Come ad un aborto apparve a me " (1Cor 15,8) :$bspunti antropologici ed etici dal "vangelo del risorto" nella sezione 1Cor 15,1-11$9(OLS)http://pul/title/202302 996 $6260$aNapoli :$b[s.n.]$9(OLS)http://pul/publisher/51260